La Colección prehistórica del Museo de Vilafranca del Panadés / Alberto Ferrer y Pedro Giró
Descripción Física:
26 p., 4 p. làm. ; 26 cm
Colección:
Ampurias ; 5
MARC
| LEADER | 00000nam a2200000Ia 4500 | ||
|---|---|---|---|
| 001 | 22406 | ||
| 008 | 160829s1943 xx 000 0 cat d | ||
| 080 | |a FU-56-3 | ||
| 100 | |a Ferrer, Alberto |9 47375 | ||
| 245 | |a La Colección prehistórica del Museo de Vilafranca del Panadés / Alberto Ferrer y Pedro Giró | ||
| 260 | |a Barcelona : |b Casa Provincial de Caridad, Imprenta - Escuela, |c 1943 | ||
| 300 | |a 26 p., 4 p. làm. ; |c 26 cm | ||
| 490 | |a Ampurias ; 5 | ||
| 590 | |a Prové de S-316, exp. 1 | ||
| 650 | |a Museo de Vilafranca (Vilafranca del Penedès) |x Col·leccions d'art |9 47376 | ||
| 700 | |a Giró, Pedro |9 47377 | ||
| 700 | |a Museo de Vilafranca (Vilafranca del Penedès) |9 47378 | ||
| 856 | 4 | |u https://media.diba.cat/diba/fitxers/arxiu/fulletons/bib_22406_baixa.pdf |y Accés lliure | |
| 856 | 4 | |u https://media.diba.cat/diba/fitxers/arxiu/fulletons/bib_22406_baixa.pdf |y Accés lliure | |
| 901 | |a Arxiu | ||
| 942 | |n 1 |2 udc | ||
| 952 | |0 0 |1 0 |4 0 |6 FU563 |7 1 |9 53847 |a Arxiu |b Arxiu |d 2016-12-01 |l 0 |o FU-56-3 |p 22406 |r 2016-12-01 00:00:00 |w 2016-12-01 |y ARXIU | ||
| 999 | |c 57713 |d 57713 | ||
| 900 | |a bib_22406_baixa.pdf | ||